Vita popolare del servo di Dio d. Placido Baccher : (Record n. 1097)

Dettagli MARC
000 -LEADER
fixed length control field 00598nam a2200181 i 4500
003 - CONTROL NUMBER IDENTIFIER
control field IT-RoINE
005 - DATE AND TIME OF LATEST TRANSACTION
control field 20140128151414.0
008 - FIXED-LENGTH DATA ELEMENTS--GENERAL INFORMATION
fixed length control field 131212s1901 it |||||r|||| 000 0bita d
040 ## - CATALOGING SOURCE
Original cataloging agency IT-RoINE
Transcribing agency IT-RoINE
245 1# - TITLE STATEMENT
Title Vita popolare del servo di Dio d. Placido Baccher :
Remainder of title (primo Rettore del Gesù Vecchio)
260 ## - PUBLICATION, DISTRIBUTION, ETC. (IMPRINT)
Place of publication, distribution, etc Napoli :
Name of publisher, distributor, etc Stab. Tipografico Michele D'Auria,
Date of publication, distribution, etc 1901.
300 ## - PHYSICAL DESCRIPTION
Extent 81 p., 1 h de lám. ;
Dimensions 16 cm.
336 ## - CONTENT TYPE
Source rdacontent
Content type term text
337 ## - MEDIA TYPE
Source rdamedia
Media type term unmediated
338 ## - CARRIER TYPE
Source rdacarrier
Carrier type term volume
600 14 - SUBJECT ADDED ENTRY--PERSONAL NAME
9 (RLIN) 2046
Personal name Baccher, Plácido,
Dates associated with a name 1781-1851
General subdivision Biografía
942 ## - ADDED ENTRY ELEMENTS (KOHA)
Item type Monografías
Dati di copia
Withdrawn status Lost status Damaged status Not for loan Home library Current library Date acquired Total Checkouts Full call number Barcode Date last seen Price effective from Koha item type
        Iglesia Nacional Española en Roma Iglesia Nacional Española en Roma 12/12/2013   BIO 328 1272 12/12/2013 12/12/2013 Monografías